Grec/romain - Statistiques

Statistiques générales
  • Ce quiz a été pris 21 fois
  • Le résultat moyen est 18 sur 48
Statistiques - réponses
Hint Réponse % Correct
Zeus Jupiter
100%
Poséidon Neptune
100%
Arès Mars
90%
Hermès Mercure
90%
Hadès Pluton
90%
Aphrodite Vénus
90%
Ouranos Uranus
85%
Dionysos Bacchus
80%
Éros Cupidon
80%
Héraclès Hercule
80%
Héra Junon
80%
Cronos Saturne
80%
Apollon Apollon
75%
Artémis Diane
70%
Héphaïstos Vulcain
70%
Séléné Luna
65%
Hestia Vesta
65%
Athéna Minerve
55%
Gaïa Terra
55%
Déméter Cérès
50%
Hélios Sol
50%
Perséphone Proserpine
40%
Asclépios Esculape
35%
Pan Faunus
30%
Hypnos Somnus
30%
Morphée Morpheus
20%
Éos Aurore
15%
Moires Parques
15%
Érinyes Furies
10%
Éole Aquilon
5%
Borée Aquilon
5%
Éris Discorde
5%
Tyché Fortuna
5%
Charites Grâces
5%
Hébé Juventas
5%
Léto Latone
5%
Nyx Nox
5%
Tartare Tartarus
5%
Notos Auster
0%
Ényo Bellone
0%
Muses Camènes
0%
Héméra Dies
0%
Zéphyr Favonius
0%
Thémis Justitia
0%
Thanatos Letus
0%
Rhéa Ops
0%
Hécate Trivia
0%
Euros Vulturnus
0%
Aucun quiz correspondant
Distribution des résultats
% des personnes avec chaque résultat
Percentile par nombre de réponses
Votre historique - résultats
Vous n’avez pas pris ce quiz